01070nab a2200253 4500003001000000005001700010008004100027040001400068041000800082100008000090245007100170260003500241300001300276500023500289650002300524650002300547650002200570650001600592650001800608773010000626942005700726945001600783999001700799AR-RoBPED20260401113735.0260401b |||||||| |||| 00| 0 spa d aAR-RoBPED aspa1 aWolf, Carolina M.930682ePsicoanalista y profesora de Educación Primaria1 aAislamiento y uso excesivo de pantalas en niños y adolescentes / aBuenos Aires :bNoveduc,c2025 a14-15 p. aEste trabajo explora el uso excesivo de pantallas en niños y adolescentes y sus posibles efectos en la subjetividad. También destaca el papel de docentes y familias en el manejo responsable de las herramientas tecnológicas.  7aADOLESCENTES92906 0aVIRTUALIDAD925936 7aADICCIONES910415 7aNIÑOS962 7aDOCENTES93440 020414941867dBuenos Aires : Noveduc, 1993-tNovedades Educativasw(AR-RoBPED)20414x03283534 2udccREVh37(05)mNov 86 N° 400 (Feb.2025)ak.32494 amar 03/2026 c32494d32494